000 00392nam a2200145Ia 4500
008 240624s9999 xx 000 0 und d
041 _aeng
082 _a658.8 HUT
100 _aHUTT MICHAEL D
245 _aBUSINESS MARKETING MANAGEMENT B2B
250 _a(10th ed.)
260 _c2010
_aAustralia
_bSouth-Western Cengage Learning
300 _axxxii, : 652 : p. : cm. ; 25
365 _c
_b25
999 _c16709
_d16709